Datum a čas kvízu
23
Celkem bodů
Celkový počet nahraných bodů na tomto kvízu bez doplňovacích otázek.
4.
Pořadí na kvízu
Konečné umístění týmu na tomto kvízu.
Zaznamenané odpovědi
| # | Otázka | Odpověď | Body | Výsledky |
|---|---|---|---|---|
| 1. | Každý řidič ví, že dopravní si... | Ulice 17. listopadu. | 1 | |
| 2. | Tento automobil stál na ulici... | v Itálii | 0 | |
| 3. | Jak se jmenuje televizní stani... | Šlágr TV | 1 | |
| 4. | Čtyřiatřicetiletý tchajwanský... | na PornHubu | 1 | |
| 5. | V pondělí začal v Praze světov... | Billie Jean King Cup (Pohár Billie Jean Kingové) | 0 | |
| 6. | Podíváme se mezi lékaře, kteří... | Sám sobě vyoperoval slepé střevo (a přežil). | 1 | |
| 7. | Tento český kardiochirurg dosá... | Jan Pirk | 1 | |
| 8. | Jednou z postav seriálu Futura... | Zoidberg | 1 | |
| 9. | Další z mnoha veřejně známých... | A) plastická chirurgie | 0 | |
| 10. | Chirurga Benjamina Franklina „... | Woody Allen | 0 |